Statistiques concernant Frontières du Burkina Faso

Cliquez ici pour prendre le quiz!

Statistiques générales

  • Ce quiz a été pris 119 fois
  • Le résultat moyen est 6 sur 6

Statistiques - réponses

Pays% Correct
Mali
99%
Niger
98%
Côte d'Ivoire
95%
Ghana
93%
Bénin
92%
Togo
92%

Distribution des résultats

Percentile par nombre de réponses

% des personnes avec chaque résultat

Votre développement - résultats

Vous n’avez pas pris ce quiz